| 000 | 00372nam a2200157Ia 4500 | ||
|---|---|---|---|
| 008 | 230524s9999 xx 000 0 und d | ||
| 082 |
_a4.1 _bGUP |
||
| 100 | _aVikas Gupta | ||
| 245 | 0 | _aComdex : Computer Course KIT | |
| 250 | _a6TH | ||
| 260 |
_aNEW DELHI _bDreamtech _c2005 |
||
| 300 | _aXVI;560 | ||
| 500 | _aQuantity Number: 2 | ||
| 650 | _aComp-Sc | ||
| 942 | _cBK | ||
| 999 |
_c31683 _d31683 |
||